[Event "FRA-ch U16"]
[Site "Agen"]
[Date "2021.10.31"]
[Round "9"]
[White "Hasseine, Madiane"]
[Black "Meyer, Nicolas"]
[Result "1-0"]
[WhiteElo "2259"]
[BlackElo "2005"]
[PlyCount "73"]
[EventDate "2021.10.22"]
[EventType "swiss"]
[EventRounds "9"]
[EventCountry "FRA"]
[SourceTitle "EXT 2023"]
[Source "ChessBase"]
[SourceDate "2022.10.05"]
[SourceVersion "1"]
[SourceVersionDate "2022.10.05"]
[SourceQuality "1"]

1. d4 Nf6 2. c4 g6 3. Nc3 Bg7 4. e4 d6 5. Be2 0-0 6. Be3 e5 7. d5 a5 8. h4 h5 9. Nh3 Na6 10. f3 Nc5 11. Qd2 Qe7 12. Bg5 Qd7 13. 0-0-0 Nh7 14. Be3 Kh8 15. g4 f5 16. gxf5 gxf5 17. Ng5 b6 18. exf5 Qe7 19. Ne6 Rxf5 20. Nxg7 Qxg7 21. Rdg1 Qe7 22. Ne4 Bd7 23. Ng3 Rff8 24. Bh6 Nf6 25. Bxf8 Qxf8 26. Qe3 a4 27. Ne4 a3 28. b3 Bf5 29. Nxc5 bxc5 30. Bd3 e4 31. fxe4 Re8 32. Rf1 Ng4 33. Qg5 Ne5 34. Qxh5+ Kg7 35. Rhg1+ Bg6 36. Rxf8 Rxf8 37. Rxg6+ 1-0

[Event "FRA-ch U16"]
[Site "Agen"]
[Date "2021.10.25"]
[Round "3"]
[White "Razafindratsima, Timothe"]
[Black "Meyer, Nicolas"]
[Result "1-0"]
[WhiteElo "2350"]
[BlackElo "2005"]
[PlyCount "95"]
[EventDate "2021.10.22"]
[EventType "swiss"]
[EventRounds "9"]
[EventCountry "FRA"]
[SourceTitle "EXT 2023"]
[Source "ChessBase"]
[SourceDate "2022.10.05"]
[SourceVersion "1"]
[SourceVersionDate "2022.10.05"]
[SourceQuality "1"]

1. e4 c5 2. Nc3 Nc6 3. Bb5 Nd4 4. Nf3 a6 5. Bd3 e6 6. 0-0 Ne7 7. b4 Nxf3+ 8. Qxf3 cxb4 9. Ne2 Nc6 10. Qg3 Qf6 11. Rb1 Bc5 12. Bb2 e5 13. Kh1 d6 14. f4 Qg6 15. Qe1 h5 16. Bc4 Bh3 17. Bxf7+ Qxf7 18. gxh3 Rf8 19. Qh4 Kd7 20. d3 Be3 21. f5 g5 22. Qg3 Bf4 23. Qf3 Rg8 24. h4 Qf6 25. hxg5 Bxg5 26. Rbd1 Kc7 27. d4 Rad8 28. d5 Na5 29. c3 Nc4 30. Bc1 Bxc1 31. Nxc1 Qg5 32. cxb4 Qe3 33. Rd3 Qxf3+ 34. Rdxf3 Nd2 35. Rc3+ Kd7 36. Re1 Rg4 37. Rce3 Rc8 38. Nd3 Rc2 39. Nf2 Rf4 40. R1e2 Rxa2 41. Rg3 b5 42. Kg2 Rb2 43. Nd3 Nxe4 44. Rg7+ Ke8 45. Nxf4 Rxb4 46. Nxh5 a5 47. Ra7 a4 48. Rxe4 1-0

[Event "FRA-chT U16"]
[Site "Dieppe"]
[Date "2015.??.??"]
[Round "?"]
[White "Mekhane, Adam"]
[Black "Meyer, Nicolas"]
[Result "1-0"]
[WhiteElo "1487"]
[BlackElo "1398"]
[PlyCount "135"]
[EventDate "2015.05.??"]
[EventType "team-tourn"]
[EventRounds "6"]
[EventCountry "FRA"]
[SourceTitle "EXT 2016"]
[Source "ChessBase"]
[SourceDate "2015.10.08"]
[SourceVersion "1"]
[SourceVersionDate "2015.10.08"]
[SourceQuality "1"]

1. e4 Nf6 2. e5 Nd5 3. d4 d6 4. c4 Nb6 5. exd6 exd6 6. Nc3 Nc6 7. Nf3 Bg4 8. Be2 Bxf3 9. Bxf3 Nxc4 10. 0-0 Be7 11. Re1 0-0 12. Bxc6 bxc6 13. Qe2 Nxb2 14. Bxb2 Re8 15. Qd2 Bg5 16. Rxe8+ Qxe8 17. Qxg5 Rb8 18. Qd2 Qe6 19. Re1 Qf6 20. d5 c5 21. Nb5 Qd8 22. Qa5 h6 23. Ba1 Qd7 24. Nxa7 Ra8 25. Qc3 f6 26. Nc6 Rxa2 27. Ne7+ Kf7 28. Nc6 Qf5 29. Qe3 Qd7 30. Qe6+ Qxe6 31. dxe6+ Ke8 32. e7 d5 33. Rb1 Kd7 34. g3 d4 35. Rd1 Re2 36. Nb8+ Kxe7 37. Kf1 Ra2 38. Kg2 Kd6 39. Kf3 Ra8 40. Rb1 d3 41. Ke3 c4 42. Kd2 c5 43. Kc3 Kc7 44. Kxc4 Rxb8 45. Rxb8 Kxb8 46. Kxd3 Kc7 47. Kc4 Kd6 48. Bb2 Ke6 49. Kxc5 Kf5 50. Kd5 h5 51. h3 g5 52. Kd6 Kg6 53. Ke6 f5 54. Be5 h4 55. Bd4 hxg3 56. fxg3 f4 57. g4 Kh7 58. Kf6 Kh6 59. Kf5 Kh7 60. Kxg5 f3 61. Kf4 Kg6 62. Kxf3 Kg5 63. h4+ Kxh4 64. Bf6+ Kh3 65. g5 Kh4 66. g6+ Kh5 67. g7 Kh6 68. g8Q 1-0

[Event "FRA-chT U20"]
[Site "Colmar"]
[Date "2013.12.08"]
[Round "?"]
[White "Decuigniere, Tom"]
[Black "Meyer, Nicolas"]
[Result "1-0"]
[WhiteElo "1448"]
[BlackElo "1300"]
[PlyCount "135"]
[EventDate "2013.12.07"]
[EventType "swiss"]
[EventRounds "6"]
[EventCountry "FRA"]
[SourceTitle "EXT 2015"]
[Source "ChessBase"]
[SourceDate "2014.11.20"]
[SourceVersion "1"]
[SourceVersionDate "2014.11.20"]
[SourceQuality "1"]

1. e4 e5 2. Nc3 Nf6 3. f4 d5 4. fxe5 Nxe4 5. Qf3 Nxc3 6. dxc3 Nc6 7. Bf4 Be6 8. Bd3 Bc5 9. Ne2 Qd7 10. h3 0-0-0 11. 0-0-0 d4 12. Kb1 h6 13. Be4 Bd5 14. Rhf1 Bxe4 15. Qxe4 Rhe8 16. cxd4 Nxd4 17. Nxd4 Bxd4 18. c3 g5 19. Rxd4 Qe6 20. Bh2 Rxd4 21. cxd4 Rf8 22. Qf5 Qxf5+ 23. Rxf5 Kd7 24. Rf6 h5 25. Rf5 h4 26. Rxg5 Rh8 27. d5 c6 28. d6 b6 29. Bg1 Rh6 30. Be3 Re6 31. Rh5 f6 32. Rh7+ Kd8 33. Rxh4 Rxe5 34. Bf4 Re1+ 35. Bc1 Rd1 36. Rh8+ Kd7 37. Rh7+ Kd8 38. Rxa7 Rxd6 39. Be3 c5 40. Bf4 Rd4 41. Bc7+ Kc8 42. Bxb6 Rd1+ 43. Kc2 Rg1 44. Rg7 f5 45. Bxc5 Ra1 46. a3 Re1 47. Kd2 Re5 48. Bd4 Rd5 49. Kc3 f4 50. Rf7 Rg5 51. Rxf4 Rxg2 52. h4 Rh2 53. a4 Kb7 54. b4 Rh3+ 55. Kc4 Rg3 56. b5 Rg8 57. a5 Ra8 58. Rf7+ Kc8 59. Rf8+ Kb7 60. Rxa8 Kxa8 61. h5 Kb8 62. h6 Kb7 63. h7 Kc7 64. h8Q Kb7 65. Qg7+ Kc8 66. Bb6 Kb8 67. Qc7+ Ka8 68. Qa7# 1-0